| 000 | 00000nam##2200000za#4500 |
| 001 | 9.581587 |
| 003 | CaOODSP |
| 005 | 20210624191603 |
| 007 | cr ||||||||||| |
| 008 | 150406|2015||||xxc|||||o f|0| 0 eng|d |
| 022 | |a1919-5087 |
| 040 | |aCaOODSP|beng |
| 043 | |an-cn--- |
| 086 | 1 |aFs70-6/2015-009E-PDF |
| 110 | 1 |aCanada. |bDepartment of Fisheries and Oceans. |
| 245 | 10|aReview of the information for the identification of critical habitat for Morrison Creek lamprey |h[electronic resource] |
| 260 | |aNanaimo - British Columbia : |bFisheries and Oceans Canada |cMarch 2015. |
| 300 | |a10p.|bfig., references, tables, photographs |
| 490 | 1 |aCanadian Science Advisory Secretariat science advisory report |x1919-5087|v2015/009, Pacific Region |
| 590 | |a15-12|b2015-03-20 |
| 775 | 08|tExamen de l'information servant à la désignation de l'habitat essentiel de la lamproie du ruisseau Morrison |w(CaOODSP)9.608359 |
| 830 | #0|aScience advisory report (Canadian Science Advisory Secretariat)|x1919-5087|v2015/009, Pacific Region|w(CaOODSP)9.506226 |
| 856 | 40|ahttp://publications.gc.ca|qPDF|s246 KB|uhttps://publications.gc.ca/collections/collection_2015/mpo-dfo/Fs70-6-2015-009-eng.pdf|y2015/009, Pacific Region |